Statistics for U.S. States by Clue #1

Click here to take the quiz!

General Stats

  • This quiz has been taken 23,135 times
    (7,809 since last reset)
  • The average score is 14 of 24

Answer Stats

Clue State % Correct
Top potato producerIdaho
90%
"The Quaker State"Pennsylvania
78%
First atomic bomb detonationNew Mexico
77%
Home to Yale UniversityConnecticut
73%
People from here are called HoosiersIndiana
72%
Where Woodstock happenedNew York
72%
Named for Queen ElizabethVirginia
70%
First to ratify the ConstitutionDelaware
68%
Holds the first Presidential caucusIowa
66%
Huck Finn's home stateMissouri
62%
Made up of two peninsulasMichigan
60%
Was part of another state until 1863West Virginia
58%
Top apple producerWashington
58%
Has "parishes" instead of countiesLouisiana
54%
Where Lincoln was bornKentucky
53%
Auburn UniversityAlabama
50%
Trail of tears destinationOklahoma
50%
Nicknamed "The Silver State"Nevada
49%
Lake OkeechobeeFlorida
48%
Air Force AcademyColorado
44%
Where Edison had his laboratoryNew Jersey
42%
Cities include Narragansett and
Woonsocket
Rhode Island
37%
Walden PondMassachusetts
33%
Where Teddy Roosevelt
played cowboy
North Dakota
25%

Score Distribution

Percentile by Number Answered

Percent of People with Each Score

Your Score History

You have not taken this quiz since the last reset